000 00924cam a22002893a 4500
001 21042
003 PGUSA
005 20140828083440.0
008 070412s2007||||xxu|||||s|||||000 1 eng d
040 _aPGUSA
_beng
042 _adc
050 4 _aPZ
100 1 _aReed, Talbot Baines,
_d1852-1893
245 1 0 _aRoger Ingleton, Minor
_h[electronic resource] /
_cTalbot Baines Reed
260 _bProject Gutenberg,
_c2007
506 _aPublic domain in the USA.
516 _aElectronic text
653 _aTutors and tutoring -- Juvenile fiction
653 _aChildren and death -- Juvenile fiction
653 _aInheritance and succession -- Juvenile fiction
653 _aBrothers -- Juvenile fiction
653 _aConduct of life -- Juvenile fiction
653 _aMothers and sons -- Juvenile fiction
830 0 _aProject Gutenberg
_v21042
856 4 0 _uhttp://www.gutenberg.org/ebooks/21042
942 _cEB
999 _c250297
_d250297